[Event "SR 5. liga SE-SI 2015/2016"]
[Site "?"]
[Date "2015.11.14"]
[Round "2.3"]
[White "Drinka, Robert"]
[Black "Kovarik, Oto"]
[Result "0-1"]
[WhiteElo "1371"]
[BlackElo "1828"]
[PlyCount "118"]
[EventDate "2015.??.??"]

1. e4 c5 2. Nf3 e6 3. c3 Nc6 4. Bb5 Qb6 5. Qe2 Be7 6. Ba4 d6 7. d3 Nf6 8. Be3
Bd7 9. O-O O-O 10. Rd1 Qa6 11. Bc2 b5 12. d4 Qb7 13. Nbd2 Rac8 14. Nf1 b4 15.
dxc5 dxc5 16. e5 Nd5 17. Qd3 g6 18. c4 Nb6 19. Ng3 Rcd8 20. Nh5 Bc8 21. Qe4 Nd4
22. Nf6+ Bxf6 23. exf6 Nxf3+ 24. Qxf3 Qxf3 25. gxf3 Nd7 26. Ba4 Nb6 27. Bb5 a6
28. Bxc5 axb5 29. Bxb6 Rxd1+ 30. Rxd1 bxc4 31. Bc5 Re8 32. Bxb4 Bb7 33. Kg2 Bd5
34. a4 Rb8 35. Bc3 h6 36. Kg3 g5 37. a5 Ra8 38. Rh1 Kh7 39. h4 Rg8 40. h5 g4
41. Rh4 Bxf3 42. a6 Ra8 43. Kf4 Rxa6 44. Ke5 Rc6 45. Kd4 Rc8 46. Bb4 Rc7 47.
Bc3 Rc8 48. Ke5 Rg8 49. Kf4 Rg5 50. Ke3 e5 51. Kd2 Rf5 52. Ke3 Rxf6 53. Bxe5
Re6 54. Kf4 f6 55. Bc3 Kg7 56. Kf5 Kf7 57. Bd4 Rd6 58. Bc3 Rd5+ 59. Kf4 Ke6 0-1

[Event "SR 5. liga SE-SI 2015/2016"]
[Site "?"]
[Date "2015.11.14"]
[Round "2.3"]
[White "Vach, Jozef"]
[Black "Jankovic, Vit"]
[Result "1-0"]
[WhiteElo "1697"]
[BlackElo "1118"]
[PlyCount "69"]
[EventDate "2015.??.??"]

1. d4 d5 2. c4 Nf6 3. Nc3 Be6 4. Nf3 h6 5. cxd5 Nxd5 6. e4 Nxc3 7. bxc3 Bg4 8.
Be2 Bd7 9. a4 g6 10. Qb3 Bc6 11. Ne5 e6 12. Bf3 Bg7 13. Bf4 Nd7 14. Nxc6 bxc6
15. Qb7 O-O 16. Qxc6 Rb8 17. Qxc7 e5 18. Qxd8 Rfxd8 19. Be3 Rdc8 20. Rc1 Rb3
21. Bg4 Rc7 22. O-O Nb6 23. dxe5 Bxe5 24. Bd4 Bxd4 25. cxd4 Rxc1 26. Rxc1 Nxa4
27. Be2 a5 28. f3 Nc3 29. Bc4 Ra3 30. Kf1 Na4 31. Bb5 Nb6 32. Rc6 Na4 33. d5
Ra1+ 34. Ke2 Nb2 35. d6 1-0

[Event "SR 5. liga SE-SI 2015/2016"]
[Site "?"]
[Date "2015.11.14"]
[Round "2.3"]
[White "Simek, Adam"]
[Black "Stasek, Daniel"]
[Result "0-1"]
[WhiteElo "1097"]
[BlackElo "1601"]
[PlyCount "68"]
[EventDate "2015.??.??"]

1. e4 e6 2. Bc4 d5 3. Bb3 dxe4 4. Nc3 Nf6 5. d3 exd3 6. Bg5 Bb4 7. Qxd3 Qxd3 8.
cxd3 Nbd7 9. Nf3 Nd5 10. Rc1 Nc5 11. Bxd5 Nxd3+ 12. Kd2 Nxc1 13. Bc4 Nxa2 14.
Bxa2 f6 15. Be3 Bd7 16. Rc1 O-O-O 17. Bxa7 b6 18. Kc2 Bxc3 19. bxc3 Kb7 20. Ra1
Ra8 21. Bxb6 cxb6 22. Rd1 Ba4+ 23. Bb3 Bxb3+ 24. Kxb3 Rhd8 25. Nd4 e5 26. Kb4
exd4 27. Kb5 dxc3 28. Rd4 Ra5+ 29. Kc4 Rxd4+ 30. Kxc3 Rda4 31. Kb3 Ra2 32. f4
Kc6 33. Kb4 R2a3 34. g4 R5a4# 0-1

[Event "SR 5. liga SE-SI 2015/2016"]
[Site "?"]
[Date "2015.11.14"]
[Round "2.3"]
[White "Cambal, Peter"]
[Black "Jankovic, Erik"]
[Result "1-0"]
[WhiteElo "1136"]
[BlackElo "1000"]
[PlyCount "59"]
[EventDate "2015.??.??"]

1. e4 e5 2. f4 Nc6 3. Nf3 d6 4. Bc4 Nf6 5. Nc3 Bg4 6. O-O Nd4 7. fxe5 dxe5 8.
d3 Bc5 9. Kh1 Bb4 10. Bg5 Bxc3 11. bxc3 Nc6 12. d4 exd4 13. cxd4 Nxd4 14. Qxd4
Qxd4 15. Nxd4 Nxe4 16. Bxf7+ Kf8 17. Bd5+ Ke8 18. Bxe4 Rf8 19. Rxf8+ Kxf8 20.
Rf1+ Kg8 21. Bd5+ Kh8 22. Rf7 Re8 23. Bh4 Rd8 24. Bxd8 g6 25. Bf6+ Kg8 26. Nb5
Bd1 27. Nxc7 Bxc2 28. Be6 Ba4 29. Nd5 Be8 30. Ne7# 1-0

[Event "SR 5. liga SE-SI 2015/2016"]
[Site "?"]
[Date "2015.11.14"]
[Round "2.4"]
[White "Cerovsky, Marian"]
[Black "Zlamal, Marek"]
[Result "0-1"]
[WhiteElo "1821"]
[BlackElo "1691"]
[PlyCount "108"]
[EventDate "2015.??.??"]

1. e4 c5 2. Nc3 Nc6 3. Nf3 e5 4. Bc4 d6 5. h3 Be6 6. Nd5 Nf6 7. Nxf6+ Qxf6 8.
Bxe6 Qxe6 9. c3 Be7 10. d3 O-O 11. O-O f5 12. Ng5 Qg6 13. Qb3+ Kh8 14. Ne6 Rfc8
15. f4 exf4 16. Rxf4 Ne5 17. exf5 Qg3 18. Qd1 Qxd3 19. Qh5 Rg8 20. Rf2 g6 21.
fxg6 Qxg6 22. Qxg6 Rxg6 23. Nc7 Rag8 24. Be3 Rg3 25. Bf4 Rxh3 26. Bxe5+ dxe5
27. Nd5 Bh4 28. Re2 Rd3 29. Ne3 b5 30. Rf1 Bg3 31. Rd1 Rgd8 32. Rf1 Bf4 33. Ng4
R8d5 34. Rfe1 Bg3 35. Nxe5 Rd2 36. Rxd2 Rxd2 37. Nf7+ Kg7 38. Rf1 h6 39. Nxh6
Kxh6 40. Rb1 Rc2 41. Kf1 Bf4 42. c4 b4 43. Re1 Rc1 44. Rxc1 Bxc1 45. b3 Kg5 46.
Kf2 Kg4 47. Ke2 Kg3 48. Kd3 Kxg2 49. Ke4 Kf2 50. Kd5 Be3 51. Kc6 Ke2 52. Kb7 a5
53. Ka6 Kd2 54. Kxa5 Kc2 0-1

[Event "SR 5. liga SE-SI 2015/2016"]
[Site "?"]
[Date "2015.11.14"]
[Round "2.4"]
[White "Svrcek, Daniel"]
[Black "Damborsky, Pavol"]
[Result "0-1"]
[WhiteElo "1146"]
[BlackElo "1700"]
[PlyCount "78"]
[EventDate "2015.??.??"]

1. d4 d5 2. c4 c6 3. Nc3 Nf6 4. Bg5 e6 5. Nf3 Be7 6. e3 h6 7. Bh4 Nbd7 8. Bd3
dxc4 9. Bxc4 Nb6 10. Bd3 Nfd5 11. Bxe7 Qxe7 12. Qc2 Nb4 13. Qd2 Nxd3+ 14. Qxd3
Nd7 15. O-O a5 16. Rad1 b6 17. Qe4 Bb7 18. Ne5 Nxe5 19. Qxe5 O-O 20. d5 cxd5
21. Nxd5 Qc5 22. Nf6+ gxf6 23. Qxf6 Qg5 24. Qxg5+ hxg5 25. Rd4 Bd5 26. b3 Rac8
27. e4 Bb7 28. e5 Rc5 29. Re1 Kg7 30. h4 gxh4 31. Rg4+ Kh6 32. Rxh4+ Kg5 33.
Rh3 Rd8 34. Rhe3 Rd4 35. g3 Rc2 36. R3e2 Rxe2 37. Rxe2 Rd1+ 38. Re1 Rxe1+ 39.
Kh2 Rh1# 0-1

[Event "SR 5. liga SE-SI 2015/2016"]
[Site "?"]
[Date "2015.11.14"]
[Round "2.4"]
[White "Dubecky, Ladislav"]
[Black "Horak, Viliam"]
[Result "1-0"]
[WhiteElo "1657"]
[BlackElo "1000"]
[PlyCount "73"]
[EventDate "2015.??.??"]

1. e4 e5 2. f4 exf4 3. Nf3 Nf6 4. e5 Nd5 5. d4 d6 6. Bb5+ c6 7. Be2 Be7 8. O-O
O-O 9. c4 Ne3 10. Bxe3 fxe3 11. Qd3 Bg5 12. Nc3 dxe5 13. Nxe5 Nd7 14. Nf3 c5
15. d5 Re8 16. Qf5 Ne5 17. Qc2 Bg4 18. Nxe5 Bxe2 19. Nxf7 Qe7 20. Nxe2 Bf6 21.
Nh6+ gxh6 22. Rf3 Rf8 23. Raf1 Rf7 24. b3 Raf8 25. Nf4 Bd4 26. Qe2 Qe4 27. Ne6
Rxf3 28. gxf3 Qg6+ 29. Kh1 Rf7 30. Rg1 Qxg1+ 31. Kxg1 Rxf3 32. Nxd4 Rf7 33. Ne6
a6 34. Qxe3 b5 35. Qe5 bxc4 36. Qb8+ Rf8 37. Qxf8# 1-0

[Event "SR 5. liga SE-SI 2015/2016"]
[Site "?"]
[Date "2015.11.14"]
[Round "2.4"]
[White "Steiner, Juraj"]
[Black "Pisecky, Jan"]
[Result "1-0"]
[WhiteElo "1000"]
[BlackElo "1478"]
[PlyCount "85"]
[EventDate "2015.??.??"]

1. c4 e5 2. Nc3 Nf6 3. d3 Nc6 4. e3 a6 5. d4 d6 6. d5 Na7 7. e4 Bd7 8. Qb3 Rb8
9. Be3 Nc8 10. Bd3 Ng4 11. O-O-O Nxe3 12. fxe3 Qg5 13. Re1 Nb6 14. g3 a5 15. a4
h6 16. Nb5 Qd8 17. Ne2 c6 18. Nbc3 c5 19. Nb5 Be7 20. Ref1 Nc8 21. Rf2 Bg5 22.
Kd2 Bh3 23. Rg1 Bg4 24. h3 Bxh3 25. g4 Qd7 26. Rf5 g6 27. Rf2 Bxg4 28. Qc3 b6
29. Qc1 h5 30. Bc2 h4 31. Bd1 f6 32. Nec3 Bh5 33. Bxh5 Rxh5 34. Qf1 f5 35. exf5
gxf5 36. Ne4 Be7 37. Rg8+ Kf7 38. Qg1 Bg5 39. Rxg5 Rxg5 40. Nxg5+ Kf6 41. Ne6
Qh7 42. Qg5+ Kf7 43. Rxf5+ 1-0

[Event "SR 5. liga SE-SI 2015/2016"]
[Site "?"]
[Date "2015.11.14"]
[Round "2.4"]
[White "Blanarik, Dominik"]
[Black "Matula, Tomas"]
[Result "1-0"]
[WhiteElo "1524"]
[BlackElo "1000"]
[PlyCount "43"]
[EventDate "2015.??.??"]

1. e4 d5 2. exd5 Qxd5 3. Nc3 Qd8 4. Nf3 Nc6 5. Bb5 a6 6. Bxc6+ bxc6 7. O-O Nf6
8. d3 h6 9. Ne5 e6 10. Nxc6 Qd7 11. Ne5 Qd6 12. Bf4 Nh5 13. Qxh5 Bb7 14. Qxf7+
Kd8 15. Ng6 Qc6 16. f3 Qb6+ 17. Kh1 Rh7 18. Nxf8 Rh8 19. Nxe6+ Kc8 20. Qxg7 Re8
21. Na4 Qxe6 22. Qxc7# 1-0

[Event "SR 5. liga SE-SI 2015/2016"]
[Site "?"]
[Date "2015.11.14"]
[Round "2.5"]
[White "Kanka, Tomas"]
[Black "Wallner, Juraj"]
[Result "1-0"]
[WhiteElo "1685"]
[BlackElo "1554"]
[PlyCount "75"]
[EventDate "2015.??.??"]

1. e4 c5 2. c3 Nc6 3. d4 e6 4. Nf3 d5 5. e5 Nge7 6. Bd3 Ng6 7. Be3 cxd4 8. cxd4
Qb6 9. Qc2 Nb4 10. Qd1 Nxd3+ 11. Qxd3 Qxb2 12. O-O Be7 13. Nc3 Qb6 14. Rfc1 O-O
15. Rab1 Qd8 16. Nb5 Bd7 17. Nc7 Rb8 18. h3 a6 19. Bd2 Bc6 20. Ba5 Qd7 21. Qc2
Rfc8 22. Nxa6 Ba4 23. Nxb8 Rxc2 24. Nxd7 Rxc1+ 25. Rxc1 Bxd7 26. Bd2 Bc6 27. g3
f6 28. h4 Bd8 29. Bb4 Kf7 30. Ra1 Bc7 31. h5 Nf8 32. Bxf8 Kxf8 33. a4 Bb6 34.
a5 Ba7 35. a6 b5 36. Rc1 Be8 37. Rc7 Bb8 38. Rb7 1-0

[Event "SR 5. liga SE-SI 2015/2016"]
[Site "?"]
[Date "2015.11.14"]
[Round "2.5"]
[White "Valigursky, Michal"]
[Black "Kastler, Peter"]
[Result "0-1"]
[WhiteElo "1500"]
[BlackElo "1764"]
[PlyCount "67"]
[EventDate "2015.??.??"]

1. e4 e6 2. d3 d5 3. Nd2 Bd6 4. g3 Nf6 5. Bg2 O-O 6. Ngf3 Nbd7 7. Qe2 dxe4 8.
dxe4 Be7 9. O-O b6 10. e5 Nd5 11. c4 Nb4 12. Nd4 Rb8 13. a3 c5 14. Qg4 cxd4 15.
axb4 Nxe5 16. Qe4 Qc7 17. Qf4 Bxb4 18. Ne4 Bd6 19. Qh4 Be7 20. Qh5 a5 21. Ra3
Bb7 22. Bf4 f6 23. Rb3 Bxe4 24. Bxe4 f5 25. Bd3 Bd6 26. Qe2 Rfe8 27. Rb5 Nxd3
28. Bxd6 Qxd6 29. Qxd3 Rbc8 30. b3 Rc5 31. Rxc5 bxc5 32. Ra1 Qb6 33. Qc2 Rb8
34. Ra3 0-1

[Event "SR 5. liga SE-SI 2015/2016"]
[Site "?"]
[Date "2015.11.14"]
[Round "2.5"]
[White "Zajicek, Ferdinand"]
[Black "Vozarova, Adriana"]
[Result "1-0"]
[WhiteElo "1754"]
[BlackElo "1422"]
[PlyCount "67"]
[EventDate "2015.??.??"]

1. e4 e5 2. Nf3 Nc6 3. Nc3 Nf6 4. Bc4 Nxe4 5. Bxf7+ Kxf7 6. Nxe4 d5 7. Neg5+
Kg8 8. d3 h6 9. Nh3 Bg4 10. c3 Bd6 11. Qb3 Be7 12. Qxb7 e4 13. dxe4 dxe4 14.
Qxc6 Bxh3 15. Qxe4 Bxg2 16. Rg1 Bh3 17. Be3 Rb8 18. b4 Qf8 19. Ne5 Bf5 20. Qc4+
Kh7 21. Nf7 Rg8 22. Qd5 Bg6 23. Ne5 Be8 24. Qe4+ Kh8 25. a3 Bf6 26. O-O-O a5
27. Bc5 Bg5+ 28. Rxg5 Qf6 29. Rg3 axb4 30. cxb4 Rd8 31. Bd4 Qd6 32. Ng6+ Bxg6
33. Rxg6 Qxh2 34. Bxg7+ 1-0

[Event "SR 5. liga SE-SI 2015/2016"]
[Site "?"]
[Date "2015.11.14"]
[Round "2.5"]
[White "Tomasovic, Pavol"]
[Black "Papanek, Lubomir"]
[Result "1/2-1/2"]
[WhiteElo "1313"]
[BlackElo "1655"]
[PlyCount "49"]
[EventDate "2015.??.??"]

1. e4 e5 2. Nf3 Nc6 3. Bb5 a6 4. Ba4 Nf6 5. O-O Bc5 6. c3 b5 7. Bb3 d6 8. h3
O-O 9. d4 exd4 10. cxd4 Bb6 11. Bg5 h6 12. Bh4 g5 13. Bg3 Bb7 14. Nc3 Na5 15.
Bc2 Nc6 16. a3 Nh5 17. Qd3 Nf6 18. Nd5 Bxd4 19. Nxd4 Ne5 20. Nxf6+ Qxf6 21.
Bxe5 dxe5 22. Nf5 Rfd8 23. Qc3 Bc8 24. Rad1 Bxf5 25. exf5 1/2-1/2

[Event "SR 5. liga SE-SI 2015/2016"]
[Site "?"]
[Date "2015.11.14"]
[Round "2.5"]
[White "Drska, Michal"]
[Black "Sobekova, Adela"]
[Result "1-0"]
[WhiteElo "1646"]
[BlackElo "1146"]
[PlyCount "103"]
[EventDate "2015.??.??"]

1. e4 e5 2. Nf3 Nc6 3. d4 exd4 4. Bc4 Nf6 5. e5 d5 6. Bb5 Ne4 7. Nxd4 Bc5 8.
Be3 Bd7 9. Bxc6 Bxd4 10. Bxd7+ Qxd7 11. Bxd4 Qb5 12. Qd3 Qb4+ 13. Nd2 c5 14.
Bc3 Nxc3 15. Qxc3 Qb5 16. a4 Qc6 17. O-O O-O 18. f4 Rfe8 19. Rfe1 Re6 20. Qf3
Qb6 21. b3 c4+ 22. Kh1 Qd4 23. Nf1 Rae8 24. c3 Qc5 25. b4 Qc6 26. Ne3 Rd8 27.
Ng4 d4 28. Qxc6 Rxc6 29. cxd4 Rxd4 30. Red1 Rd3 31. Nf2 Rxd1+ 32. Rxd1 Kf8 33.
b5 Rc7 34. Rc1 Ke7 35. Rc3 Ke6 36. g3 Kd5 37. Kg2 Kc5 38. Rc1 Kb4 39. Ne4 Kxa4
40. Nd6 Kb4 41. Kf3 a5 42. bxa6 bxa6 43. Ne4 c3 44. Ke3 a5 45. Kd3 a4 46. Rxc3
Rd7+ 47. Nd6 Ra7 48. Kc2 a3 49. Rc4+ Ka5 50. Kb3 Kb6 51. Nc8+ Kb5 52. Nxa7+ 1-0

[Event "SR 5. liga SE-SI 2015/2016"]
[Site "?"]
[Date "2015.11.28"]
[Round "3.1"]
[White "Wallner, Juraj"]
[Black "Brunovsky, Peter"]
[Result "0-1"]
[WhiteElo "1554"]
[BlackElo "1859"]
[PlyCount "96"]
[EventDate "2015.??.??"]

1. e4 c6 2. Nf3 d5 3. exd5 cxd5 4. d4 Nc6 5. Be2 g6 6. O-O Bg7 7. c3 Nh6 8. h3
f6 9. Re1 O-O 10. Nbd2 Nf7 11. Nf1 e5 12. Bb5 e4 13. N3h2 f5 14. g4 Nd6 15.
Bxc6 bxc6 16. f4 a5 17. g5 Ba6 18. Ne3 Bd3 19. b3 Re8 20. Bb2 Qb6 21. Ba3 Nb5
22. Bc5 Qb8 23. Ng2 a4 24. Qd2 axb3 25. axb3 Qb7 26. Qb2 Nc7 27. Bd6 Ne6 28.
Be5 Kf7 29. b4 Rxa1 30. Rxa1 Ra8 31. Kf2 Ra6 32. Kg3 Qa8 33. Rxa6 Qxa6 34. h4
Be2 35. Ne1 Bh5 36. Qd2 Qa1 37. Nf1 Bf8 38. Ne3 Be7 39. c4 Qa3 40. N1c2 Qb3 41.
c5 Qb1 42. Ne1 Bd8 43. Kf2 Bc7 44. Bxc7 Nxc7 45. N3c2 Nb5 46. Qe3 Qd1 47. Kf1
Bg4 48. Kf2 Qb1 {nehratelné} 0-1

[Event "SR 5. liga SE-SI 2015/2016"]
[Site "?"]
[Date "2015.11.28"]
[Round "3.1"]
[White "Hyza, Richard"]
[Black "Tomasovic, Pavol"]
[Result "0-1"]
[WhiteElo "1000"]
[BlackElo "1313"]
[PlyCount "58"]
[EventDate "2015.??.??"]

1. e4 e6 2. Nc3 d5 3. d3 Bb4 4. Nf3 Nf6 5. Be3 O-O 6. g3 dxe4 7. dxe4 Nxe4 8.
Bd3 Nxc3 9. bxc3 Bxc3+ 10. Bd2 Bxa1 11. Qxa1 b6 12. O-O Bb7 13. Kg2 Qd5 14. Be2
Qxd2 15. Re1 Qxc2 16. h3 Nc6 17. Qd1 Qxd1 18. Rxd1 Rad8 19. Re1 Nd4 20. h4 Nxf3
21. Bxf3 Bxf3+ 22. Kxf3 Rd3+ 23. Kg2 Rfd8 24. Rf1 c5 25. a3 c4 26. Rc1 c3 27.
Rf1 Rd1 28. Rxd1 Rxd1 29. a4 c2 0-1

[Event "SR 5. liga SE-SI 2015/2016"]
[Site "?"]
[Date "2015.11.28"]
[Round "3.1"]
[White "Sobekova, Adela"]
[Black "Horinka, Tomas"]
[Result "0-1"]
[WhiteElo "1146"]
[BlackElo "1000"]
[PlyCount "66"]
[EventDate "2015.??.??"]

1. e4 e5 2. d4 d6 3. dxe5 Nc6 4. exd6 cxd6 5. Bc4 Nf6 6. Nc3 Be7 7. Nd5 Nxd5 8.
Qxd5 Be6 9. Qb5 Bxc4 10. Qxc4 O-O 11. Qb3 Rb8 12. Qg3 Kh8 13. Nf3 Nb4 14. Nd4
Bf6 15. c3 Be5 16. Bf4 Bxf4 17. Qxf4 Nd3+ 18. Kf1 Nxf4 19. Rd1 d5 20. Nb3 Qc8
21. exd5 Qe8 22. Re1 Qd7 23. c4 Nd3 24. Re2 Rfe8 25. Re3 Rxe3 26. fxe3 Qf5+ 27.
Ke2 Nxb2 28. Rc1 Rc8 29. Na5 b6 30. Nc6 Re8 31. Rc3 Qe4 32. Nxa7 Nxc4 33. Rc1
Qxe3+ 0-1

[Event "SR 5. liga SE-SI 2015/2016"]
[Site "?"]
[Date "2015.11.28"]
[Round "3.1"]
[White "Volek, Vladimir"]
[Black "Fajtakova, Silvia"]
[Result "0-1"]
[WhiteElo "1000"]
[BlackElo "1203"]
[PlyCount "54"]
[EventDate "2015.??.??"]

1. e4 e5 2. Nf3 Nc6 3. Bc4 Nf6 4. Nc3 Nxe4 5. Nxe4 d5 6. d3 dxc4 7. dxc4 Qxd1+
8. Kxd1 Bf5 9. Nfg5 O-O-O+ 10. Bd2 Bg6 11. Ke1 h6 12. Rc1 hxg5 13. Bxg5 f6 14.
Nxf6 gxf6 15. Bxf6 Bh6 16. Bxh8 Bxc1 17. Ke2 Bh6 18. Re1 Rxh8 19. Kf1 Bxc2 20.
Kg1 Bd2 21. Rf1 Bf4 22. Kh1 Rxh2+ 23. Kg1 Bd3 24. Re1 Rh8 25. g3 Bg5 26. Rd1
Be4 27. Re1 Rh1# 0-1

[Event "SR 5. liga SE-SI 2015/2016"]
[Site "?"]
[Date "2015.11.28"]
[Round "3.1"]
[White "Novomeska, Karin"]
[Black "Daniel, Jakub"]
[Result "1-0"]
[WhiteElo "1066"]
[BlackElo "1000"]
[PlyCount "63"]
[EventDate "2015.??.??"]

1. e4 e5 2. Nf3 Nc6 3. Bc4 Bc5 4. O-O Nf6 5. Nc3 O-O 6. d3 d6 7. Bg5 h6 8. Bh4
Nd4 9. Nd5 Nxf3+ 10. Qxf3 Bg4 11. Nxf6+ Kh8 12. Qxg4 c6 13. Nh7 Kxh7 14. Bxd8
Raxd8 15. Qf5+ g6 16. Qf6 d5 17. Bb3 dxe4 18. dxe4 Rd6 19. Qe7 Rfd8 20. Qxe5
Rd2 21. Qxc5 R2d7 22. Qc4 b5 23. Qc5 a6 24. Qb6 Rd6 25. e5 R6d7 26. Qxc6 Re7
27. Qb6 Rc8 28. Qd6 Ree8 29. Rac1 Rxe5 30. Bxf7 Ree8 31. Qxg6+ Kh8 32. Qxh6#
1-0

[Event "SR 5. liga SE-SI 2015/2016"]
[Site "?"]
[Date "2015.11.28"]
[Round "3.2"]
[White "Zlamal, Marek"]
[Black "Kanka, Tomas"]
[Result "1-0"]
[WhiteElo "1691"]
[BlackElo "1685"]
[PlyCount "63"]
[EventDate "2015.??.??"]

1. d4 Nf6 2. c4 e6 3. Nc3 Bb4 4. Bg5 h6 5. Bd2 c5 6. a3 Bxc3 7. Bxc3 Ne4 8. e3
Nxc3 9. bxc3 O-O 10. Bd3 cxd4 11. cxd4 Qa5+ 12. Ke2 e5 13. d5 d6 14. Nf3 f5 15.
Nd2 Na6 16. Nb3 Qd8 17. Kf1 f4 18. exf4 Rxf4 19. Qh5 e4 20. Bc2 Bg4 21. Qg6 Qh4
22. g3 Qh3+ 23. Ke1 Rxf2 24. Kxf2 Rf8+ 25. Ke3 Rf3+ 26. Kd4 Bf5 27. Qe8+ Kh7
28. Bxe4 Rxb3 29. Rhf1 Qg4 30. Rxf5 Nc5 31. Rf4+ Qg6 32. Bxg6# 1-0

[Event "SR 5. liga SE-SI 2015/2016"]
[Site "?"]
[Date "2015.11.28"]
[Round "3.2"]
[White "Papanek, Lubomir"]
[Black "Daniel, Dusan"]
[Result "1-0"]
[WhiteElo "1655"]
[BlackElo "1003"]
[PlyCount "109"]
[EventDate "2015.??.??"]

1. e4 e5 2. Nf3 Nc6 3. Bb5 Nf6 4. O-O Bc5 5. c3 O-O 6. d3 d5 7. Bg5 Be7 8. Nbd2
dxe4 9. dxe4 Bg4 10. Qe2 h6 11. Bxf6 Bxf6 12. Rfd1 Bg5 13. h3 Bxf3 14. Nxf3 Qe7
15. Ba4 Rad8 16. Bxc6 bxc6 17. Qc4 Rd6 18. Nxg5 Qxg5 19. Rxd6 cxd6 20. Qxc6 Qd2
21. Qb5 Rd8 22. Qb3 Qd3 23. f3 d5 24. Rd1 Qe3+ 25. Kh1 d4 26. cxd4 Qxb3 27.
axb3 exd4 28. Rd3 Rb8 29. Rxd4 Rxb3 30. Ra4 Rxb2 31. Rxa7 g6 32. Rd7 Re2 33.
Kg1 Kg7 34. Rd1 f5 35. exf5 gxf5 36. g3 Re6 37. Kf2 Kg6 38. f4 h5 39. Re1 Rxe1
40. Kxe1 h4 41. g4 fxg4 42. hxg4 Kf6 43. Kf2 Ke6 44. Kg2 Kd5 45. Kh3 Ke4 46. f5
Kf4 47. f6 Kg5 48. f7 Kg6 49. f8=Q Kh7 50. Kxh4 Kg6 51. g5 Kh7 52. Qf7+ Kh8 53.
Qa7 Kg8 54. g6 Kf8 55. Qf7# 1-0

[Event "SR 5. liga SE-SI 2015/2016"]
[Site "?"]
[Date "2015.11.28"]
[Round "3.2"]
[White "Svrcek, Daniel"]
[Black "Drska, Michal"]
[Result "0-1"]
[WhiteElo "1146"]
[BlackElo "1646"]
[PlyCount "74"]
[EventDate "2015.??.??"]

1. d4 d5 2. c4 c6 3. Nc3 Nf6 4. Nf3 e6 5. Bg5 Be7 6. e3 O-O 7. Bd3 Nbd7 8. Ne5
Nxe5 9. dxe5 Nd7 10. Bxe7 Qxe7 11. Qc2 h6 12. f4 dxc4 13. Bxc4 Nxe5 14. fxe5
Qh4+ 15. g3 Qxc4 16. O-O-O b5 17. b3 Qc5 18. Rhe1 Qxe5 19. Rd3 a5 20. Rd4 Bb7
21. Qe2 b4 22. Nb1 c5 23. Rf4 a4 24. Qb2 Qxb2+ 25. Kxb2 axb3 26. Kxb3 Bd5+ 27.
Kc2 Rxa2+ 28. Kd3 Rd8 29. Rc1 e5 30. e4 c4+ 31. Ke3 exf4+ 32. Kxf4 Be6 33. g4
f6 34. e5 Rd4+ 35. Ke3 fxe5 36. Rg1 Bxg4 37. Rg3 Re2# 0-1

[Event "SR 5. liga SE-SI 2015/2016"]
[Site "?"]
[Date "2015.11.28"]
[Round "3.2"]
[White "Mraz, Jan"]
[Black "Horak, Viliam"]
[Result "1-0"]
[WhiteElo "1253"]
[BlackElo "1000"]
[PlyCount "65"]
[EventDate "2015.??.??"]

1. d4 d5 2. c4 e6 3. Nc3 Nf6 4. e3 Nbd7 5. Nf3 Be7 6. Bd2 O-O 7. Rc1 b6 8. cxd5
exd5 9. g3 Bb7 10. Bg2 Rc8 11. O-O Re8 12. Qb3 c6 13. Bh3 c5 14. Ne5 cxd4 15.
exd4 Bd6 16. f4 Rc7 17. Nb5 Rxc1 18. Rxc1 Bxe5 19. fxe5 Ne4 20. Be3 Nb8 21. Bg2
Bc6 22. Nxa7 Qc7 23. Nxc6 Nxc6 24. Qxd5 Nxg3 25. hxg3 Qa7 26. Rxc6 Qe7 27. Qd6
Qa7 28. a3 g6 29. Bh6 Qe7 30. Qxe7 Ra8 31. Rc7 Rb8 32. Qxf7+ Kh8 33. Qg7# 1-0

[Event "SR 5. liga SE-SI 2015/2016"]
[Site "?"]
[Date "2015.11.28"]
[Round "3.2"]
[White "Sefcik, Oliver"]
[Black "Ralbovsky, Milan"]
[Result "1-0"]
[WhiteElo "1000"]
[BlackElo "1000"]
[PlyCount "93"]
[EventDate "2015.??.??"]

1. e4 e5 2. Nf3 d6 3. h3 Nf6 4. Nc3 Be7 5. Bc4 Be6 6. Bb3 h6 7. d3 Nbd7 8. Be3
O-O 9. Qd2 Nh7 10. O-O-O g5 11. h4 g4 12. Nh2 Bxh4 13. Bxh6 Bg5 14. Bxg5 Qxg5
15. Qxg5+ Nxg5 16. Bxe6 fxe6 17. Nxg4 a6 18. f3 Kg7 19. Rh2 b5 20. Rdh1 Rh8 21.
Nd1 c5 22. Ndf2 c4 23. Nh3 Nxh3 24. gxh3 cxd3 25. Rd1 Nc5 26. cxd3 Rac8 27. Kb1
Rc6 28. Rc1 Rhc8 29. Rc3 Nxd3 30. Rxc6 Rxc6 31. Rc2 Rxc2 32. Kxc2 Ne1+ 33. Kb3
Nxf3 34. Kb4 Ng5 35. Nf2 d5 36. exd5 exd5 37. Kc3 Ne4+ 38. Nxe4 dxe4 39. Kd2
Kg6 40. Ke3 Kf5 41. h4 Kg4 42. Kxe4 Kxh4 43. Kxe5 Kg4 44. Kd5 Kf4 45. Kc5 Ke4
46. Kb6 Kd4 47. b3 1-0

[Event "SR 5. liga SE-SI 2015/2016"]
[Site "?"]
[Date "2015.11.28"]
[Round "3.3"]
[White "Nemeckay, Rastislav"]
[Black "Cerovsky, Marian"]
[Result "1/2-1/2"]
[WhiteElo "1995"]
[BlackElo "1821"]
[PlyCount "64"]
[EventDate "2015.??.??"]

1. e4 e5 2. Nf3 Nc6 3. Bb5 Bc5 4. O-O Nge7 5. Nxe5 Nxe5 6. d4 Bd6 7. dxe5 Bxe5
8. f4 Bd6 9. Be3 c6 10. Bc4 Bc7 11. Nc3 O-O 12. f5 Bb6 13. Qe2 Bxe3+ 14. Qxe3
b5 15. Bb3 Qb6 16. Qxb6 axb6 17. f6 Ng6 18. a3 Ba6 19. Rfd1 Ra7 20. Rd6 Re8 21.
Rad1 Ne5 22. Na2 Rc7 23. fxg7 Kxg7 24. Nb4 Bb7 25. Nd3 Ng6 26. Rf1 Rf8 27. Rdf6
d6 28. Rxd6 c5 29. Bd5 Bxd5 30. exd5 Rb7 31. Rf5 Re8 32. Kf2 Rbe7 1/2-1/2

[Event "SR 5. liga SE-SI 2015/2016"]
[Site "?"]
[Date "2015.11.28"]
[Round "3.3"]
[White "Damborsky, Pavol"]
[Black "Jankovic, Vit"]
[Result "1-0"]
[WhiteElo "1700"]
[BlackElo "1118"]
[PlyCount "57"]
[EventDate "2015.??.??"]

1. e4 e5 2. Nf3 Nc6 3. Bc4 Bc5 4. c3 Nf6 5. d3 d6 6. h3 Be6 7. Nbd2 d5 8. exd5
Nxd5 9. Ne4 Qe7 10. Bxd5 Bxd5 11. Nxc5 Qxc5 12. Be3 Qd6 13. O-O O-O-O 14. b4
Qf6 15. Bg5 Qf5 16. Bxd8 Rxd8 17. Nh2 h5 18. Qe2 Qg6 19. f3 f5 20. b5 Ne7 21.
Qxe5 Re8 22. c4 Bf7 23. Qc5 Qb6 24. Qxb6 cxb6 25. Rfe1 f4 26. Re5 Bg6 27. Rae1
Kd8 28. Nf1 Bxd3 29. Rd1 1-0

[Event "SR 5. liga SE-SI 2015/2016"]
[Site "?"]
[Date "2015.11.28"]
[Round "3.3"]
[White "Simek, Adam"]
[Black "Dubecky, Ladislav"]
[Result "0-1"]
[WhiteElo "1097"]
[BlackElo "1657"]
[PlyCount "30"]
[EventDate "2015.??.??"]

1. e4 e5 2. Bc4 Nf6 3. Nc3 d6 4. Nf3 Nc6 5. d3 Be7 6. O-O O-O 7. Be3 Bg4 8. Nd5
a6 9. Bg5 Nxd5 10. exd5 Nd4 11. Bxe7 Qxe7 12. h3 Nxf3+ 13. gxf3 Bxh3 14. Re1
Qg5+ 15. Kh1 Qg2# 0-1

[Event "SR 5. liga SE-SI 2015/2016"]
[Site "?"]
[Date "2015.11.28"]
[Round "3.3"]
[White "Pisecky, Jan"]
[Black "Nesnadny, Tomas"]
[Result "1-0"]
[WhiteElo "1478"]
[BlackElo "1000"]
[PlyCount "35"]
[EventDate "2015.??.??"]

1. e4 e5 2. Bc4 Nf6 3. Nc3 Bc5 4. h3 d6 5. d3 O-O 6. Nf3 Nc6 7. Bg5 h6 8. Bh4
Re8 9. Nd5 Be6 10. Nxf6+ gxf6 11. Bxe6 Rxe6 12. c3 a6 13. Nh2 Qe8 14. Qh5 f5
15. exf5 Re7 16. f6 Rd7 17. Qg4+ Kf8 18. Qg7# 1-0

[Event "SR 5. liga SE-SI 2015/2016"]
[Site "?"]
[Date "2015.11.28"]
[Round "3.3"]
[White "Visvader, Kristof"]
[Black "Sprusansky, Ferdinand"]
[Result "0-1"]
[WhiteElo "1000"]
[BlackElo "1401"]
[PlyCount "82"]
[EventDate "2015.??.??"]

1. e4 e5 2. Nf3 Nc6 3. Nc3 Bb4 4. Bb5 Nf6 5. d3 a6 6. Bxc6 dxc6 7. Bd2 Qd6 8.
O-O Bg4 9. h3 Bh5 10. Qe2 b5 11. a3 Bc5 12. Be3 Bxe3 13. Qxe3 O-O 14. Rad1 Rad8
15. d4 exd4 16. Rxd4 Qc5 17. b4 Qe7 18. Rxd8 Rxd8 19. Qa7 Nxe4 20. Nxe4 Qxe4
21. Qxc7 Re8 22. Ng5 Qxc2 23. Qd7 Qe2 24. Qf5 Bg6 25. Qd7 h6 26. Nf3 Qe6 27.
Qa7 Qb3 28. Qxa6 Be4 29. Re1 Qc3 30. Kf1 Bd3+ 31. Kg1 Rxe1+ 32. Nxe1 Qxe1+ 33.
Kh2 Qe5+ 34. Kh1 Qe6 35. Qa8+ Kh7 36. a4 bxa4 37. Qxa4 Bb5 38. Qc2+ Qg6 39. Qa2
Bf1 40. g3 Qe4+ 41. Kg1 Qg2# 0-1